00510nam a2200169 a 4500008004100000020001800041050001500059100001800074245008200092250001600174260005400190300003600244350001000280650001600290650001900306700001500325190821s2016 ||||||||||||||||| || u a9788122440393 aTA 710 Ran aRanjan, Gopal10aBasic and applied soil mechanics. ( 3rd edition)cBy Gopal Ranjan ; A S R Rao a3rd edition aBangalorebNew Age International Publishersc2016 axvi, 752 pages : illustrations  a37.71 aENGINEERING aSOIL MECHANICS aRao, A S R